| 000 | 00524nam a22001817a 4500 | ||
|---|---|---|---|
| 999 |
_c165041 _d165041 |
||
| 005 | 20190603165039.0 | ||
| 010 | _aENG-125462 | ||
| 020 |
_a9789350451700 _c500.00 |
||
| 035 | _aEN-108994 | ||
| 037 | _bDBAD/PUB | ||
| 082 | _a305 | ||
| 100 | _aBhattacharya, Susmita | ||
| 245 |
_aThe concept of equality / _cby Susmita Bhattacharya |
||
| 260 |
_aCalcutta _bWriters Workshop Book _c2018 |
||
| 270 |
_a162/92, Lake Garden, _bCulcutta _e700045 |
||
| 300 |
_a243p. _c22cm(Hb) |
||
| 942 |
_2ddc _cEN _h305 _mBHA |
||